Fomento municipal del deporte federado.

Uloženo v:
Podrobná bibliografie
Hlavní autor: Hontangas Carrascosa, Julián (autor)
Další autoři: Mestre Sancho, Juan Antonio (autor), Orts Delgado, Francisco, Torrent Catalá, Salvador (prólogo)
Médium: Neznámo
Jazyk:angličtina
Vydáno: Madrid, España: Reus, 2020
Edice:Colección de Derecho Deportivo
Témata:
Tagy: Přidat tag
Žádné tagy, Buďte první, kdo vytvoří štítek k tomuto záznamu!

MARC

LEADER 00000 a2200000 4500
003 CL-VaPUC
005 20220407090746.0
008 220321b2020 ||||| |||| 00| 0 eng d
999 |c 434342  |d 434340 
020 |a 978-8429023138 
040 |c Pontificia Universidad Católica de Valparaíso 
082 7 |a 343.46078 HON 2020  |2 22 
100 1 |a Hontangas Carrascosa, Julián   |9 865256  |e autor 
245 1 |a Fomento municipal del deporte federado. 
260 |a Madrid, España:   |b Reus,   |c 2020 
300 |a 325 páginas  
490 |a Colección de Derecho Deportivo  
583 |k Cristina María Rojas Aguilar  |c 20220321 
650 |a Derecho deportivo  |z España   |9 867395 
650 0 |a Deporte  |9 336462  |x Derecho y legislación   |z España 
700 |a Mestre Sancho, Juan Antonio  |9 430517  |e autor 
700 |a Orts Delgado, Francisco  |9 865065 
700 |a Torrent Catalá, Salvador  |e prólogo  |9 867397 
942 |2 ddc  |c BK 
952 |0 0  |1 0  |2 ddc  |4 0  |6 343_460780000000000_HON_2020  |7 0  |8 A  |9 581965  |a BIBEDU  |b BIBEDU  |c GEN  |d 2022-03-21  |e 74  |g 44642.00  |i 5650184  |o 343.46078 HON 2020  |p 5650184  |r 2022-03-21  |t 1  |v 44642.00  |w 2022-03-21  |y BK  |k EFI 
952 |0 0  |1 0  |2 ddc  |4 0  |6 343_460780000000000_HON_2020  |7 0  |8 A  |9 582010  |a BIBEDU  |b BIBEDU  |c GEN  |d 2022-03-21  |e 74  |g 44642.00  |i 5650194  |o 343.46078 HON 2020  |p 5650194  |r 2022-03-21  |t 2  |v 44642.00  |w 2022-03-21  |y BK  |k EFI